000 00605cam a2200181 4500500
005 20260329001836.0
041 _afre
042 _adc
100 1 0 _aLacroix, Alexandre
_eauthor
245 0 0 _aMiguel Benasayag : « Il existe en France un désir de métissage très dynamique »
260 _c2009.
500 _a49
690 _aExpulsion
690 _aImmigration
690 _aMiguel Benasayag
786 0 _nPhilosophie magazine | 30 | 6 | 2009-06-01 | p. 20-21 | 1951-1787
856 4 1 _uhttps://shs.cairn.info/magazine-philosophie-magazine-2009-6-page-20?lang=fr&redirect-ssocas=7080
999 _c1809203
_d1809203